Estadísticas para Las ciudades más grandes de Suiza • A-Z

Haz click aquí para intentar la prueba.

Estadísticas generales

  • Esta prueba ha sido intentada 40 veces
  • La puntuación promedio es 4 de 23

Estadísticas de respuestas

#PopulationCiudad% Correcto
Z409.120Zúrich
100%
G200.485Ginebra
71%
B171.433Basilea
58%
L138.861Lausana
42%
F38.513Friburgo
32%
N33.565Neuchâtel
29%
W110.871Winterthur
26%
M26.572Montreux
19%
T43.738Thun
19%
A21.268Aarau
13%
S75.508San Galo
13%
C35.031Coira
6%
U34.506Uster
6%
Y30.140Yverdon-les-Bains
6%
E30.680Emmen
3%
D28.137Dübendorf
0%
H20.321Horgen
0%
I16.969Illnau-Effretikon
0%
K41.490Köniz
0%
O19.973Opfikon
0%
P18.159Pully
0%
R26.980Rapperswil-Jona
0%
V35.115Vernier
0%

Distribución de puntuación

Porcentaje por número respondido

Porcentaje de gente con cada puntuación

Historial de tus puntuaciones

No has intentado esta prueba.